|
|
|
|
| LEADER |
00000cam a2200000Mu 4500 |
| 001 |
EBOOKCENTRAL_on1202465564 |
| 003 |
OCoLC |
| 005 |
20240329122006.0 |
| 006 |
m o d |
| 007 |
cr ||||||||||| |
| 008 |
201031s2013 mau o ||| 0 eng d |
| 040 |
|
|
|a EBLCP
|b eng
|c EBLCP
|d LOA
|d OCLCO
|d OCLCF
|d OCLCQ
|d OCLCO
|d OCLCQ
|
| 020 |
|
|
|a 9781684170692
|
| 020 |
|
|
|a 1684170699
|
| 029 |
1 |
|
|a AU@
|b 000069468278
|
| 035 |
|
|
|a (OCoLC)1202465564
|
| 050 |
|
4 |
|a PL477
|b .N676 2013
|
| 082 |
0 |
4 |
|a 494/.1
|
| 049 |
|
|
|a UAMI
|
| 100 |
1 |
|
|a Norman, Jerry.
|
| 245 |
1 |
2 |
|a A Comprehensive Manchu-English Dictionary
|h [electronic resource].
|
| 260 |
|
|
|a Boston :
|b BRILL,
|c 2013.
|
| 300 |
|
|
|a 1 online resource (446 p.).
|
| 490 |
1 |
|
|a Harvard University Studies in East Asian Law Ser.
|
| 500 |
|
|
|a Description based upon print version of record.
|
| 505 |
0 |
|
|a Intro -- A Comprehensive Manchu-English Dictionary -- Contents -- Foreword -- Editor's Preface -- Author's Preface -- Guide to Manchu Pronunciation, Romanization, and Traditional Script -- Conventions and Symbols -- A Comprehensive Manchu-English Dictionary
|
| 590 |
|
|
|a ProQuest Ebook Central
|b Ebook Central Academic Complete
|
| 650 |
|
0 |
|a Manchu language
|v Dictionaries
|x English.
|
| 650 |
|
7 |
|a Manchu language
|2 fast
|
| 655 |
|
7 |
|a Dictionaries
|2 fast
|
| 776 |
0 |
8 |
|i Print version:
|a Norman, Jerry
|t A Comprehensive Manchu-English Dictionary
|d Boston : BRILL,c2013
|z 9780674072138
|
| 830 |
|
0 |
|a Harvard University Studies in East Asian Law Ser.
|
| 856 |
4 |
0 |
|u https://ebookcentral.uam.elogim.com/lib/uam-ebooks/detail.action?docID=6380523
|z Texto completo
|
| 938 |
|
|
|a ProQuest Ebook Central
|b EBLB
|n EBL6380523
|
| 994 |
|
|
|a 92
|b IZTAP
|